Magyar Magántisztviselő. - 9. évf. (1930) 5. sz.
Elmentve itt :
| Dokumentumtípus: | Folyóirat |
|---|---|
| Megjelent: |
1930
|
| Sorozat: | Magyar magántisztviselő : a Keresztényszocialista Magántisztviselők Országos Szövetsége hivatalos közlönye
9 No. 5 |
| Online Access: | http://misc.bibl.u-szeged.hu/20325 |
| LEADER | 00572nas a2200133 i 4500 | ||
|---|---|---|---|
| 001 | misc20325 | ||
| 005 | 20191106142603.0 | ||
| 008 | 170616s1930 hu o 0|| zxx d | ||
| 040 | |a SZTE Miscellanea Repozitórium |b hun | ||
| 041 | |a zxx | ||
| 245 | 0 | 0 | |a Magyar Magántisztviselő. - 9. évf. (1930) 5. sz. |h [elektronikus dokumentum] |
| 260 | |c 1930 | ||
| 490 | 0 | |a Magyar magántisztviselő : a Keresztényszocialista Magántisztviselők Országos Szövetsége hivatalos közlönye |v 9 No. 5 | |
| 856 | 4 | 0 | |u http://misc.bibl.u-szeged.hu/20325/1/magyar_magantisztviselo_1930_005.pdf |z Dokumentum-elérés |